[Event "NRW Class1 1516"]
[Site "Germany"]
[Date "2016.03.06"]
[Round "7.8"]
[White "Rosen, Willy"]
[Black "Lehmann, Mona"]
[Result "1-0"]
[WhiteElo "2175"]
[BlackElo "1933"]
[PlyCount "79"]
[EventDate "2015.09.27"]
[EventType "team-tourn"]
[EventRounds "9"]
[EventCountry "GER"]
[SourceTitle "EXT 2017"]
[Source "ChessBase"]
[SourceDate "2016.10.25"]
[SourceVersion "1"]
[SourceVersionDate "2016.10.25"]
[SourceQuality "1"]
[WhiteTeam "Katernberg II"]
[BlackTeam "Emsdetten Rochade"]
[WhiteTeamCountry "GER"]
[BlackTeamCountry "GER"]

1. e4 c5 2. Nc3 a6 3. f4 e6 4. g3 b5 5. Bg2 Bb7 6. d3 Nf6 7. Nf3 d5 8. e5 Nfd7 9. 0-0 Be7 10. Ne2 Nc6 11. c3 Nf8 12. Be3 Rb8 13. Qe1 b4 14. Qf2 Qb6 15. a3 a5 16. d4 c4 17. f5 exf5 18. Nd2 Nd8 19. Qxf5 Qg6 20. Qf2 Nfe6 21. Bh3 Qh5 22. Bf5 b3 23. Rae1 0-0 24. h4 g5 25. Kg2 Ng7 26. hxg5 Nxf5 27. Qxf5 Qg6 28. Qd7 Qe6 29. Qxe6 Nxe6 30. Nf3 Rbd8 31. Rh1 Kg7 32. Rh5 Rh8 33. Nh4 Rdg8 34. Rf1 Kf8 35. g6 Bxh4 36. Rxf7+ Ke8 37. Rxh4 Nd8 38. Rfxh7 Rxh7 39. gxh7 Rh8 40. Bg5 1-0

[Event "Ruhrgebiet Verbandsliga Gruppe 2 1516"]
[Site "Germany"]
[Date "2016.01.24"]
[Round "6.2"]
[White "Wortmann, Dirk"]
[Black "Rosen, Willy"]
[Result "1-0"]
[WhiteElo "1981"]
[BlackElo "2175"]
[PlyCount "107"]
[EventDate "2015.09.06"]
[EventType "team-tourn"]
[EventRounds "9"]
[EventCountry "GER"]
[SourceTitle "EXT 2022"]
[Source "ChessBase"]
[SourceDate "2021.10.06"]
[SourceVersion "1"]
[SourceVersionDate "2021.10.06"]
[SourceQuality "1"]
[WhiteTeam "Oberhausen SV II"]
[BlackTeam "Katernberg SF III"]
[WhiteTeamCountry "GER"]
[BlackTeamCountry "GER"]

1. d4 Nf6 2. Nf3 e6 3. c4 Bb4+ 4. Bd2 Qe7 5. a3 Bxd2+ 6. Qxd2 d6 7. Nc3 e5 8. e3 e4 9. Ng1 c6 10. Nge2 0-0 11. Ng3 Re8 12. Be2 a5 13. 0-0 Na6 14. Na4 Qd8 15. b4 Bg4 16. bxa5 Bxe2 17. Nxe2 Nh5 18. Rfb1 Rb8 19. Rb6 f5 20. Rab1 Qc7 21. Qb2 Nf6 22. Nac3 Nd7 23. Rxb7 Qxa5 24. Qa2 Nf6 25. Rxb8 Rxb8 26. c5+ d5 27. Rxb8+ Nxb8 28. Qb3 Nbd7 29. h4 h6 30. a4 Qa6 31. Nf4 g5 32. hxg5 hxg5 33. Ne6 g4 34. Nf4 Qa5 35. Nfe2 Qc7 36. Nf4 Qa5 37. Nfe2 Qa6 38. Qb4 Qd3 39. Qb7 Qd2 40. g3 f4 41. exf4 e3 42. fxe3 Qxe3+ 43. Kf1 Qf3+ 44. Ke1 Ne4 45. Nxe4 dxe4 46. Qxd7 e3 47. Qe6+ Kg7 48. Qe7+ Kg8 49. Qg5+ Kf8 50. Qh6+ Ke8 51. Qh2 Qe4 52. Qh8+ Kd7 53. Qg7+ Kc8 54. Qxg4+ 1-0